000 00619nam a2200205Ii 4500
001 12409
003 CO-ViMGA
008 241108s9999||||xx |||||||||||||| ||und||
040 _aCO-ViMGA
_bspa
_erda
_cCO-ViMGA
041 0 _aunk
082 0 4 _a350.99-A71c
100 1 _aAlberto Araujo Merlano
_953296
245 1 0 _aLas cartas sobre la mesa
264 1 _a[Lugar de publicación no identificado] : Ediciones Tercer Mundo, 1973
300 _avolumen
336 _atext
_btxt
_2rdacontent
337 _aunmediated
_bn
_2rdamedia
338 _avolume
_bnc
_2rdacarrier
940 _aidficha_siabuc: 12117. -- ficha_no_siabuc:12409
999 _c49872
_d49872